000 01357 am a2200361 a 4500
005 20240614084417.0
008 100805s2002||||mx a f |||| 001 0 spa d
020 _a9684269455
041 _aspa
092 _c615
_l46
_sKAT
100 1 _aKatzung, Bertram G.
_9855
245 _aFarmacología básica y clínica /
_cBertram G. Katzung.
250 _a8a ed. traducida de la 8a ed. en inglés /
_bTraducción Eusebio Contreras Chaures y Jorge Villalpando Hernández.
260 _aMéxico :
_bManual Moderno,
_c2002.
300 _a1366 p.
500 _aKatzung, B. G. (2002). Farmacología básica y clínica. (8a ed.). México : Manual Moderno.
590 _aEjemplar 9 inventario 1132, dado de baja por robo. Reemplazado por Velazquez Ej.7 inv. 2176. Octubre 2010.
653 _aPrincipios básicos
653 _aFarmacología del sistema nervioso autónomo
653 _aFármacos cardiovasculares-renales
653 _aFármacos con acciones importantes en el músculo liso
653 _aFármacos que actúan en el SNC
653 _aFármacos utilizados para tratar enfermedades de la sangre, inflamación y gota
653 _aFármacos endocrinos
653 _aQuimioterapéuticos
653 _aToxicología
930 _a1131
930 _a1130
930 _a1129
930 _a1045
930 _a1044
942 _2ddc
_cBK
999 _c557
_d557